Applied numerical methods with MATLAB for engineers and scientists / (Record no. 16625)

MARC details
000 -LEADER
fixed length control field 01194cam a2200325 i 4500
001 - CONTROL NUMBER
control field 015785189
003 - CONTROL NUMBER IDENTIFIER
control field EG-ScBUE
005 - DATE AND TIME OF LATEST TRANSACTION
control field 20241027092134.0
008 - FIXED-LENGTH DATA ELEMENTS--GENERAL INFORMATION
fixed length control field 110331s2012 nyua f b 001 0 eng d
020 ## - INTERNATIONAL STANDARD BOOK NUMBER
International Standard Book Number 0071086188 (pbk.) :
020 ## - INTERNATIONAL STANDARD BOOK NUMBER
International Standard Book Number 9780071086189 (pbk.) :
040 ## - CATALOGING SOURCE
Original cataloging agency EG-ScBUE
Language of cataloging eng
Description conventions rda
Transcribing agency EG-ScBUE
Modifying agency EG-ScBUE
082 04 - DEWEY DECIMAL CLASSIFICATION NUMBER
Classification number 518.0285
Edition number 22
Item number CHA
100 1# - MAIN ENTRY--PERSONAL NAME
Personal name Chapra, Steven C.,
Relator term author.
9 (RLIN) 29551
245 10 - TITLE STATEMENT
Title Applied numerical methods with MATLAB for engineers and scientists /
Statement of responsibility, etc Steven C. Chapra, berger chair in computing and engineering, Tufts University.
250 ## - EDITION STATEMENT
Edition statement Third edition.
250 ## - EDITION STATEMENT
Edition statement McGraw-Hill intenational edition.
264 #1 - PUBLICATION, DISTRIBUTION, ETC. (IMPRINT)
Place of publication, distribution, etc New York :
Name of publisher, distributor, etc McGraw-Hill,
Date of publication, distribution, etc 2012.
300 ## - PHYSICAL DESCRIPTION
Extent xvii, 653 pages :
Other physical details color illustrations ;
Dimensions 24 cm
336 ## - CONTENT TYPE
Source rdacontent
Content type term text
Content type code txt
337 ## - MEDIA TYPE
Media type term unmediated
Source rdamedia
Media type code n
338 ## - CARRIER TYPE
Carrier type term volume
Carrier type code nc
Source rdacarrier
504 ## - BIBLIOGRAPHY, ETC. NOTE
Bibliography, etc Includes bibliographical references and index.
630 07 - SUBJECT ADDED ENTRY--UNIFORM TITLE
Uniform title MATLAB
Form subdivision Textbooks.
Source of heading or term BUEsh
9 (RLIN) 29552
650 #7 - SUBJECT ADDED ENTRY--TOPICAL TERM
Topical term or geographic name as entry element Numerical analysis
General subdivision Data processing
Form subdivision Textbooks.
Source of heading or term BUEsh
9 (RLIN) 29553
653 ## - INDEX TERM--UNCONTROLLED
Arrived date list April2012
655 ## - INDEX TERM--GENRE/FORM
Form subdivision Reading book
942 ## - ADDED ENTRY ELEMENTS (KOHA)
Source of classification or shelving scheme Dewey Decimal Classification
Koha item type Book - Borrowing
Holdings
Withdrawn status Lost status Source of classification or shelving scheme Damaged status Not for loan Collection code Home library Current library Shelving location Date acquired Source of acquisition Cost, normal purchase price Serial Enumeration / chronology Total Checkouts Total Renewals Full call number Barcode Date last seen Date checked out Price effective from Koha item type
    Dewey Decimal Classification     Osiris Central Library Central Library First floor 02/04/2012   268.00 11640 7 21 518.0285 CHA 000026569 15/07/2025 03/04/2019 02/04/2012 Book - Borrowing